تا ر يخ حسن:فا ر سی :جلد ا و ل و د و م (Record no. 95396)
[ view plain ]
| 000 -LEADER | |
|---|---|
| fixed length control field | 00804nam a22002417a 4500 |
| 005 - DATE AND TIME OF LATEST TRANSACTION | |
| control field | 20150731125049.0 |
| 008 - FIXED-LENGTH DATA ELEMENTS--GENERAL INFORMATION | |
| fixed length control field | 140714b xxu||||| |||| 00| 0 Urdu d |
| 010 ## - LCCN (DPL NO) | |
| LC control number | UR-9278-79 |
| 020 q# - INTERNATIONAL STANDARD BOOK NUMBER | |
| Terms of availability | 1295.00 |
| 020 q# - INTERNATIONAL STANDARD BOOK NUMBER | |
| Terms of availability | 1595.00 |
| 035 ## - SYSTEM CONTROL NUMBER | |
| System control number | U-7833-34 |
| 037 ## - SOURCE OF ACQUISITION | |
| Source of stock number/acquisition | DBAD/Pub. |
| 040 ## - CATALOGING SOURCE | |
| Original cataloging agency | DPL |
| Language of cataloging | Urdu |
| 082 ## - DEWEY DECIMAL CLASSIFICATION NUMBER | |
| Classification number | 910 |
| 100 ## - MAIN ENTRY--PERSONAL NAME | |
| Personal name | حسن کھو يہا می |
| 245 ## - TITLE STATEMENT | |
| Title | تا ر يخ حسن:فا ر سی :جلد ا و ل و د و م |
| Statement of responsibility, etc | حسن کھو يہا می |
| 246 ## - VARYING FORM OF TITLE | |
| Title proper/short title | History of Hassan(Persion)V.1-2 |
| Remainder of title | By Hassan Khoyami |
| 260 ## - PUBLICATION, DISTRIBUTION, ETC. (IMPRINT) | |
| Place of publication, distribution, etc | Sri Nagar |
| Date of publication, distribution, etc | 2011 |
| Name of publisher, distributor, etc | City Book Center Book Sales And Publishers |
| 270 ## - ADDRESS | |
| Address | Govt. Order And Suppliers Bid Shah Chowk |
| City | Sri Nagar |
| Postal code | - |
| Telephone number | 2470158 |
| 300 ## - PHYSICAL DESCRIPTION | |
| Extent | 484p,511p |
| Dimensions | 22Cm (Hb) |
| 490 ## - SERIES STATEMENT | |
| Volume number/sequential designation | Vol.2 |
| 942 ## - ADDED ENTRY ELEMENTS (KOHA) | |
| Source of classification or shelving scheme | Dewey Decimal Classification |
| Item type | Urdu Bks |
| Edition | |
| Classification part | 910 |
| Call number suffix | ح س ن |
| Withdrawn status | Lost status | Source of classification or shelving scheme | Materials specified (bound volume or other part) | Damaged status | Not for loan | Collection code | Home library | Current library | Date acquired | Source of acquisition | Cost, normal purchase price | Total Checkouts | Full call number | Barcode | Date last seen | Copy number | Cost, replacement price | Koha item type |
|---|---|---|---|---|---|---|---|---|---|---|---|---|---|---|---|---|---|---|
| Dewey Decimal Classification | v.1 | Not For Loan | Non-fiction | D.B.Act.Division | D.B.Act.Division | 31/07/2015 | DBAD/Pub. | 1295.00 | 910 ح س ن | U-7833 | 31/07/2015 | 1 | 1295.00 | Urdu Bks | ||||
| Dewey Decimal Classification | v.2 | Not For Loan | Non-fiction | D.B.Act.Division | D.B.Act.Division | 31/07/2015 | DBAD/Pub. | 1595.00 | 910 ح س ن | U-7834 | 31/07/2015 | 1 | 1395.00 | Urdu Bks |
